إدارة الجودة الشاملة / (رقم التسجيلة. 112909)

تفاصيل مارك
000 -LEADER
fixed length control field 00601nam a22002057a 4500
005 - DATE AND TIME OF LATEST TRANSACTION
control field 20251108174602.0
008 - FIXED-LENGTH DATA ELEMENTS--GENERAL INFORMATION
fixed length control field 250721s2008 xx 000 0 ara d
020 ## - INTERNATIONAL STANDARD BOOK NUMBER
International Standard Book Number 9957121413
082 14 - DEWEY DECIMAL CLASSIFICATION NUMBER
Classification number 658.4013/طائ
100 1# - MAIN ENTRY--PERSONAL NAME
Personal name الطائي، رعد عبد الله
Relator term مؤلف
245 10 - TITLE STATEMENT
Title إدارة الجودة الشاملة /
250 ## - EDITION STATEMENT
Edition statement ط.ملونة
264 1# - PRODUCTION, PUBLICATION, DISTRIBUTION, MANUFACTURE, AND COPYRIGHT NOTICE
Place of production, publication, distribution, manufacture عمان :
Name of producer, publisher, distributor, manufacturer دار اليازوري،
Date of production, publication, distribution, manufacture, or copyright notice 2008.
300 ## - PHYSICAL DESCRIPTION
Extent 395 ص.
650 17 - SUBJECT ADDED ENTRY--TOPICAL TERM
Topical term or geographic name as entry element اداره الاعمال
650 17 - SUBJECT ADDED ENTRY--TOPICAL TERM
Topical term or geographic name as entry element الجوده
700 1# - ADDED ENTRY--PERSONAL NAME
Personal name قدادة، عيسى
Relator term مؤلف
942 ## - ADDED ENTRY ELEMENTS (KOHA)
Source of classification or shelving scheme Dewey Decimal Classification
Koha item type كتب
المقتنيات
حالة السحب حالة الفقدان مصدر التصنيف حالة التلف غير قابل للإعارة المكتبة الرئيسية المكتبة الحالية موقع الرف تاريخ التزويد الرقم المتسلسل Total Checkouts رقم الإستدعاء تاريخ آخر ظهور تاريخ الفاتورة نوع المادة (كوها) الباركود
    Dewey Decimal Classification     المكتبة المركزية المكتبة المركزية مقتنيات قسم التزويد 28/07/2025 1202591   658.4013/طائ 28/07/2025 28/07/2025 كتب  
    Dewey Decimal Classification     المكتبة المركزية المكتبة المركزية مقتنيات قسم التزويد 28/07/2025 1202592   658.4013/طائ 28/07/2025 28/07/2025 كتب  
    Dewey Decimal Classification     المكتبة المركزية المكتبة المركزية مقتنيات قسم التزويد 28/07/2025 1202593   658.4013/طائ 28/07/2025 28/07/2025 كتب  
    Dewey Decimal Classification     المكتبة المركزية المكتبة المركزية مقتنيات قسم التزويد 28/07/2025 1202594   658.4013/طائ 28/07/2025 28/07/2025 كتب  
    Dewey Decimal Classification     المكتبة المركزية المكتبة المركزية مقتنيات قسم التزويد 28/07/2025 1202595   658.4013/طائ 28/07/2025 28/07/2025 كتب  
    Dewey Decimal Classification     مكتبة أبو علندا العامة مكتبة أبو علندا العامة الإعارة 07/07/2008 1202604   658.4013/طائ 28/07/2025 07/07/2008 كتب PLD00025782
    Dewey Decimal Classification     مكتبة أم قصير والمقابلين العامة مكتبة أم قصير والمقابلين العامة الإعارة 07/07/2008 1202603   658.4013/طائ 28/07/2025 07/07/2008 كتب PLD00025783
    Dewey Decimal Classification     مكتبة الأميرة ايمان العامة مكتبة الأميرة ايمان العامة الإعارة 07/07/2008 1202596   658.4013/طائ 28/07/2025 07/07/2008 كتب PLD00025775
    Dewey Decimal Classification     مكتبة الاميرة بديعة مكتبة الاميرة بديعة الإعارة 07/07/2008 1202599   658.4013/طائ 28/07/2025 07/07/2008 كتب PLD00025778
    Dewey Decimal Classification     مكتبة الجويدة مكتبة الجويدة الإعارة 07/07/2008 1202600   658.4013/طائ 28/07/2025 07/07/2008 كتب PLD00025779
    Dewey Decimal Classification     مكتبة النصر العامة مكتبة النصر العامة الإعارة 07/07/2008 1202606   658.4013/طائ 28/07/2025 07/07/2008 كتب PLD00025785
    Dewey Decimal Classification     مكتبة حمزة العامة مكتبة حمزة العامة الإعارة 07/07/2008 1202601   658.4013/طائ 28/07/2025 07/07/2008 كتب PLD00025780
    Dewey Decimal Classification     مكتبة صويلح العامة مكتبة صويلح العامة الإعارة 07/07/2008 1202597   658.4013/طائ 28/07/2025 07/07/2008 كتب PLD00025776
    Dewey Decimal Classification     مكتبة وادي السير العامة مكتبة وادي السير العامة الإعارة 07/07/2008 1202605   658.4013/طائ 28/07/2025 07/07/2008 كتب PLD00025784
Implemented & Customized by: BBB with SCIT (Smart Chains for Information Technology)

Powered by Koha